000 00345nam a2200145Ia 4500
003 OSt
005 20240102053256.0
008 170523s9999 xx 000 0 und d
020 _a9780071070515
040 _cIIMTU
100 _aMassobrio- Giuseppe
245 0 _aSemiconductor Device Modeling with SPICE
260 _aT.M.H.
942 _2ddc
_c02
999 _c12528
_d12528